Scarlett hậu cuốn theo chiều gió Tiểu thuyết. Bốn tập T.2

Gespeichert in:
Bibliographische Detailangaben
1. Verfasser: Ripley Alexandre
Weitere Verfasser: Khắc Thành (Dịch), Thanh Bình (Dịch)
Format: Buch
Veröffentlicht: H. Văn học 1991
Schlagworte:
Tags: Tag hinzufügen
Keine Tags, Fügen Sie den ersten Tag hinzu!
Thư viện lưu trữ: Trung tâm Học liệu Lê Vũ Hùng, Trường Đại học Đồng Tháp
LEADER 00916pam a22002538a 4500
001 00022208
005 20171026081022.0
008 110528s1991 ||||||Viesd
041 0 # |a Vie 
082 1 # |a 813  |b SC100R 
100 0 # |a Ripley Alexandre 
245 0 0 |a Scarlett hậu cuốn theo chiều gió  |b Tiểu thuyết. Bốn tập  |c Alexandre Ripley; Khắc Thành, Thanh Bình  |n T.2 
260 # # |a H.  |b Văn học  |c 1991 
300 # # |a 385 tr.  |c 19 cm. 
500 # # |a Văn học hiện đại nước ngoài - Văn học Mỹ 
650 # 7 |a Văn học Mỹ 
650 |a Văn học hiện đại 
653 # # |a Tiểu thuyết 
700 0 # |a Khắc Thành  |e Dịch 
700 0 # |a Thanh Bình  |e Dịch 
852 # # |j KD.0007634 
852 # # |j KD.0007634  |b Kho đọc 
910 # # |a Hoa Lê  |d 28/05/2011 
980 # # |a Trung tâm Học liệu Lê Vũ Hùng, Trường Đại học Đồng Tháp